[Event "XLI Barbera del Valles Open 2018"]
[Site "Barbera del Valles"]
[Date "2018.07.11"]
[Round "8"]
[White "Vasquez Schroeder, Rodrigo"]
[Black "Perez Mitjans, Orelvis"]
[Result "0-1"]
[WhiteElo "2494"]
[BlackElo "2399"]
[Annotator "TA"]
[PlyCount "129"]
[EventDate "2018.07.04"]
[EventType "swiss"]
[EventCountry "ESP"]
[SourceTitle "playchess.com"]
[Source "ChessBase"]
[SourceQuality "1"]

{[%evp 23,129,0,0,8,41,42,36,-11,41,44,88,79,89,56,39,38,117,2,94,-9,-12,-58,-61,-108,-117,-118,-102,-118,-122,-151,-149,-180,-122,-120,-139,-115,-120,-110,-102,-125,-95,-227,-221,-219,-214,-233,-137,-305,-318,-361,-340,-343,-334,-539,-536,-515,-409,-419,-407,-419,-410,-395,-378,-420,-407,-559,-521,-554,-545,-538,-526,-647,-652,-645,-645,-641,-559,-679,-642,-658,-652,-12839,-983,-937,-871,-778,-566,-1058,-1058,-1046,-991,-29984,-656,-994,-1033,-941,-845,-798,-802,-838,-552,-12829,-2018,-2052,-1966,-12843,-12843,-12848]} 1. d4 Nf6 2. c4 g6 3. Nc3 Bg7 4. e4 d6 5. Nf3 O-O 6. Be2 e5 7. O-O Nc6 8. d5 Ne7 9. b4 a5 10. Ba3 axb4 11. Bxb4 Nh5 {E97: King's Indian: Classical Main Line (6...e5 7 0-0 Nc6): 8 Be3 and 8 d5 Ne7, not 9 Ne1} (11... Re8 12. a4 Bf8 13. Ne1 c5 14. Ba3 Nd7 15. Nb5 Ra6 16. Bb2 Bg7 17. Ra3 f5 18. exf5 Nxf5 19. Nc2 {½-½ (63) Van Wely,L (2667)-Kanarek,M (2506) Karlsruhe 2018}) 12. g3 f5 {LiveBook: 4 Games} 13. c5 Nf6 {The position is equal.} 14. Nd2 Ne8 15. f3 h5 (15... dxc5 $11 16. Bxc5 b6) 16. Kh1 Bh6 17. Nc4 f4 18. g4 hxg4 19. fxg4 Bg5 $146 (19... g5 $14) 20. Rg1 (20. a4 $16) 20... Kg7 (20... Bd7 $11 {remains equal.}) 21. Rg2 ({White should play} 21. cxd6 $16 cxd6 22. Nb5) 21... Ng8 $1 $11 22. Nd2 Nh6 23. Qg1 Nf7 24. Nf3 Rh8 25. a4 Be7 26. cxd6 Bxd6 27. Rb1 Qe7 (27... g5 $19 28. Qd1 Bxb4 29. Rxb4 Nf6) 28. Bxd6 $17 Nexd6 29. Qc5 b6 30. Qb4 Rh3 31. Nb5 {Black should prevent Rc1.} Bd7 32. g5 (32. Nxd6 $17 Nxd6 33. Ra1) 32... Bxb5 $1 $19 33. axb5 Ra2 34. Rf1 Rc2 (34... Rh8 $19 35. Rfg1 Rha8) 35. Qb1 $2 (35. Qb3 $17 Rc5 36. Bd3) 35... Rc3 36. Bd3 Nb7 37. Be2 Nc5 38. Qb4 $2 (38. Nd2) 38... Rb3 39. Qc4 Re3 40. Nd2 Nd6 41. Qb4 Ndxe4 42. Nxe4 Rxe4 43. Qb2 Rhe3 44. Bf3 Re1 45. Rgg1 Rxf1 46. Rxf1 Re3 47. Qg2 e4 48. Bd1 f3 49. Qg3 Qd6 50. Qh4 Rc3 51. Qh6+ Kg8 52. h4 Nd7 (52... f2 $142 53. Bg4 e3) 53. h5 Nf8 54. hxg6 Qxg6 55. Kh2 Qf5 56. g6 Qxd5 {[#] ( -> ...Qa2+)} 57. g7 Nh7 (57... Qa2+ $142 58. Kg3 Qg2+ 59. Kf4 Qd2+ 60. Kg4 Qxh6 61. gxf8=Q+ Qxf8 62. Rf2 Qg7+ 63. Kf5 Rc5+ 64. Kxe4 Qg4+ 65. Kd3 Rd5+ 66. Ke3 Qd4+ 67. Kxf3 Rf5+ 68. Kg2 Rxf2+ 69. Kh3 Qxd1 70. Kg3 Qg1+ 71. Kh4 Rh2#) 58. Rg1 {Threatens to win with Qh3.Black is clearly winning.} Qd6+ 59. Qxd6 cxd6 {[%mdl 4096] Endgame KRB-KRN} 60. Kg3 d5 61. Kf4 Rc1 62. Ke5 f2 (62... e3 $142 63. Bxf3 Rxg1) 63. Rf1 {[#]} Rxd1 $1 64. Rxd1 e3 65. Kd4 {Precision: White = 31%, Black = 62%.} 0-1

[Event "XLI Barbera del Valles Open 2018"]
[Site "Barbera del Valles"]
[Date "2018.07.11"]
[Round "8"]
[White "Iniyan, P."]
[Black "Asis, Tommy"]
[Result "1/2-1/2"]
[WhiteElo "2451"]
[BlackElo "2538"]
[Annotator "ChessBase"]
[PlyCount "63"]
[EventDate "2018.07.04"]
[EventType "swiss"]
[EventCountry "ESP"]
[SourceTitle "playchess.com"]
[Source "ChessBase"]
[SourceQuality "1"]
[TimeControl "5400+30"]

1. d4 {[%emt 0:00:00]} Nf6 {[%emt 0:00:00]} 2. c4 {[%emt 0:00:00]} c5 {[%emt 0:00:27]} 3. d5 {[%emt 0:00:04]} e6 {[%emt 0:00:05]} 4. Nc3 {[%emt 0:00:07]} exd5 {[%emt 0:00:07]} 5. cxd5 {[%emt 0:00:06]} d6 {[%emt 0:00:03]} 6. e4 {[%emt 0:00:09]} g6 {[%emt 0:00:07]} 7. Bd3 {[%emt 0:00:37]} Bg7 {[%emt 0:00:15]} 8. Nge2 {[%emt 0:00:05]} O-O {[%emt 0:00:05]} 9. O-O {[%emt 0:00:09]} Ng4 {[%emt 0:00:04]} 10. Bc2 {[%emt 0:13:36]} Na6 {[%emt 0:01:49]} 11. h3 {[%emt 0:09:37]} Ne5 {[%emt 0:00:24]} 12. f4 {[%emt 0:01:36]} Nc4 {[%emt 0:01:18]} 13. b3 {[%emt 0:01:30]} Na5 {[%emt 0:00:24]} 14. Bb2 {[%emt 0:01:43]} Bd7 {[%emt 0:19:34]} 15. Qc1 {[%emt 0:13:30]} c4 {[%emt 0:15:29]} 16. Ba3 {[%emt 0:17:24]} cxb3 {[%emt 0:19:10]} 17. axb3 {[%emt 0:00:13]} Qb6+ {[%emt 0:00:08]} 18. Kh1 {[%emt 0:00:05]} Rfc8 {[%emt 0:00:29]} 19. Rf3 {[%emt 0:08:50]} Bb5 {[%emt 0:17:07]} 20. Rb1 {[%emt 0:10:00]} Bxe2 {[%emt 0:00:08]} 21. Nxe2 {[%emt 0:00:06]} Nb4 {[%emt 0:00:05]} 22. Bxb4 {[%emt 0:00:15]} Qxb4 {[%emt 0:00:04]} 23. f5 {[%emt 0:03:46]} Rc7 {[%emt 0:04:29]} 24. f6 {[%emt 0:03:41]} Bf8 {[%emt 0:00:04]} 25. Qd1 {[%emt 0:01:56]} Rac8 {[%emt 0:00:11]} 26. Nd4 {[%emt 0:01:35]} Bh6 {[%emt 0:05:18]} 27. Ra1 {[%emt 0:00:05]} a6 {[%emt 0:00:47]} 28. Ra4 {[%emt 0:00:52]} Qd2 {[%emt 0:00:57]} 29. Rd3 {[%emt 0:06:11]} Qf2 {[%emt 0:02:37]} 30. Rf3 {[%emt 0:00:54]} Qd2 {[%emt 0:00:04]} 31. Rd3 {[%emt 0:00:14]} Qf2 {[%emt 0:00:03]} 32. Rf3 {[%emt 0:01:44]} 1/2-1/2

[Event "XLI Barbera del Valles Open 2018"]
[Site "Barbera del Valles"]
[Date "2018.07.11"]
[Round "8"]
[White "Himanshu, Sharma"]
[Black "Martinez Alcantara, Jose Eduardo"]
[Result "1/2-1/2"]
[WhiteElo "2420"]
[BlackElo "2545"]
[Annotator "TA"]
[PlyCount "67"]
[EventDate "2018.07.04"]
[EventType "swiss"]
[EventCountry "ESP"]
[SourceTitle "playchess.com"]
[Source "ChessBase"]
[SourceQuality "1"]

{[%evp 26,67,0,-11,8,0,10,19,21,21,36,30,41,14,25,20,27,0,16,0,41,29,19,0,5,0,0,0,0,0,0,0,0,0,0,0,0,0,0,0,0,0,0,-16]} 1. e4 e5 2. Nf3 Nc6 3. Bb5 a6 4. Bxc6 dxc6 5. O-O Bd6 6. d4 exd4 7. Qxd4 f6 8. Be3 Ne7 9. Nbd2 Be6 10. Qc3 {C68: Ruy Lopez: Exchange Variation, sidelines} Ng6 (10... Qd7 11. Rfd1 Ng6 12. Nd4 O-O-O 13. N2b3 Bxb3 14. Qxb3 Bf4 15. Rd2 Bxe3 16. Qxe3 c5 17. Nb3 Qb5 18. Qxc5 Qxc5 19. Rxd8+ Rxd8 20. Nxc5 {½-½ (66) Kovalenko,I (2657)-Matlakov,M (2714) Minsk 2017}) 11. Nd4 Qe7 12. Nxe6 Qxe6 13. Qb3 Qxb3 14. axb3 {LiveBook: 19 Games} O-O-O 15. Rfd1 Rhe8 16. f3 Ne5 17. Kf2 Nd7 $146 ({Predecessor:} 17... h5) 18. Nc4 Bf8 19. g4 b5 20. Nd2 Kb7 21. h4 Ne5 22. Nf1 c5 (22... Bd6 {is interesting.} 23. Ng3 g6 24. h5 Rf8 25. Ke2 Rde8) 23. Rxd8 Rxd8 24. Nd2 {The position is equal.} Bd6 25. Ke2 Ng6 26. h5 Nf4+ 27. Bxf4 Bxf4 $11 {[%mdl 4096] Endgame KRB-KRN} 28. Nf1 g6 29. Ne3 Rd6 30. c3 c6 31. hxg6 hxg6 32. Rd1 Rxd1 33. Nxd1 Kc7 34. Kd3 {Precision: White = 65%, Black = 61%.} 1/2-1/2

[Event "XLI Barbera del Valles Open 2018"]
[Site "Barbera del Valles"]
[Date "2018.07.11"]
[Round "8"]
[White "Alonso Moyano, Jonathan"]
[Black "Alsina Leal, Daniel"]
[Result "1/2-1/2"]
[WhiteElo "2400"]
[BlackElo "2492"]
[Annotator "TA"]
[PlyCount "93"]
[EventDate "2018.07.04"]
[EventType "swiss"]
[EventCountry "ESP"]
[SourceTitle "playchess.com"]
[Source "ChessBase"]
[SourceQuality "1"]

{[%evp 21,93,0,0,0,0,-3,-12,-24,-27,-22,0,0,0,0,25,21,39,42,39,27,57,62,58,52,64,24,20,20,39,-32,-39,-33,-12,-34,8,10,6,0,0,0,0,0,0,0,0,0,0,0,0,0,0,0,0,0,0,0,0,0,0,0,0,0,2,11,21,0,0,0,0,0,0,0,0,0]} 1. e4 c5 2. Nf3 e6 3. d4 cxd4 4. Nxd4 Nc6 5. Nxc6 bxc6 6. Bd3 Nf6 7. O-O d5 8. e5 Nd7 9. Re1 g6 {B40: Sicilian: 2...e6, Unusual lines} 10. Nd2 Bg7 11. Nf3 O-O {LiveBook: 6 Games} 12. Bf4 Qb6 13. Rb1 Ba6 14. Qd2 Bxd3 $146 ({Predecessor:} 14... Rab8 15. h4 Bxd3 16. cxd3 {0-1 (44) Howell,D (2527)-Grigoryan,A (2489) Yerevan 2007}) 15. cxd3 Qa6 16. b3 Rfc8 17. h4 c5 18. h5 Rab8 19. hxg6 fxg6 20. Rbd1 Nf8 21. Bg5 Rb7 22. Bf6 Qa3 23. Re2 a5 24. Bxg7 Kxg7 25. Rc1 ({White should try} 25. d4 $14) 25... a4 $1 $15 26. bxa4 Qxa4 27. g3 c4 28. dxc4 {The position is equal.} Rxc4 29. Rxc4 Qxc4 30. Qc2 (30. Re1 {is interesting.} Ra7 31. a3 Qc5 32. Rb1 Qxa3 33. Nd4) 30... Rc7 (30... Qg4 {feels hotter.} 31. Re3 Rf7 32. Kg2 Nd7 33. Qc3 Rf5) 31. Qxc4 Rxc4 $11 {[%mdl 4096] Endgame KRN-KRN} 32. Rb2 h6 33. Rb7+ Kg8 34. Ra7 g5 {[%cal Bg6g5,Bg5g4][%mdl 32]} 35. a4 Ng6 36. Ra8+ Kf7 37. Ra7+ Ke8 38. a5 g4 39. Rg7 Ne7 40. Nd2 Ra4 41. Nb3 Kf8 42. Rh7 Nf5 43. Nc5 Rxa5 44. Nxe6+ Kg8 $1 {[%cal Rg8h7]} 45. Rd7 d4 46. Nxd4 Rxe5 47. Nxf5 {Precision: White = 63%, Black = 68%.} 1/2-1/2

[Event "XLI Barbera del Valles Open 2018"]
[Site "Barbera del Valles"]
[Date "2018.07.11"]
[Round "8"]
[White "Gonzales, Jayson"]
[Black "Karthik Venkataraman"]
[Result "1/2-1/2"]
[WhiteElo "2367"]
[BlackElo "2514"]
[Annotator "TA"]
[PlyCount "120"]
[EventDate "2018.07.04"]
[EventType "swiss"]
[EventCountry "ESP"]
[SourceTitle "playchess.com"]
[Source "ChessBase"]
[SourceQuality "1"]

{[%evp 10,120,29,10,10,8,17,15,66,62,191,201,180,80,160,154,149,155,244,217,286,258,282,262,326,325,305,260,265,260,256,243,233,195,194,187,218,188,215,208,199,203,210,134,134,134,134,134,134,134,134,134,198,134,134,134,134,134,222,134,134,134,134,134,134,0,134,80,134,68,134,59,134,0,134,0,134,0,134,134,134,134,134,134,134,134,134,134,134,134,134,134,134,134,134,134,134,134,134,134,134,120,154,16,13,0,0,0,0,0,0,-11,0]} 1. Nf3 c5 2. c4 Nc6 3. b3 e5 {[%cal Be7e5,Be5e4][%mdl 32]} 4. Bb2 e4 5. Ng1 Nf6 6. Nc3 {LiveBook: 3 Games. A30: Symmetrical English: Double Fianchetto and Hedgehog} Bd6 (6... Be7 7. g3 O-O 8. Bg2 Re8 9. Nh3 d5 10. cxd5 Nxd5 11. Nxe4 Bf5 12. Nc3 {0-1 (31) Svidler,P (2759)-Vachier Lagrave,M (2798) Biel 2016}) 7. Qb1 Qe7 8. g4 Nxg4 (8... h6 $1 $11) 9. Qxe4 $14 Nce5 (9... Nf6 $14 10. Qxe7+ Bxe7) 10. Nd5 $18 Qe6 11. h3 (11. e3 $18 {and White stays clearly on top.}) 11... f5 ({Black should try} 11... Nf6 12. Nxf6+ gxf6) 12. Qc2 $36 {[%mdl 2048] Keeping Black busy.} Nf6 $146 13. Bg2 Nh5 (13... Nc6 $16) 14. Nf3 O-O 15. O-O-O Nc6 16. e3 b6 17. Rhg1 Bb7 18. Ng5 Qe8 19. Bf3 {[#] aiming for Bxh5.} Ne5 20. Ne7+ Qxe7 21. Bxh5 h6 22. f4 hxg5 23. Rxg5 Be4 24. d3 Nxd3+ 25. Rxd3 Rf6 26. Qc3 {[#] Strongly threatening Qxf6.} ({But not} 26. Bxf6 $6 Qxf6 27. Qc3 Be5 $14) 26... Bxd3 27. Qxd3 Raf8 28. Bf3 {[%mdl 1024] White has strong compensation.} Rh6 29. h4 Kh8 30. Kc2 Bc7 (30... Rf7 $16 {was necessary.} 31. Bd5 Rff6) 31. h5 (31. Rxg7 $18 Qxg7 32. Bxg7+ Kxg7 33. Qxd7+ Rf7 34. Qd1) 31... Bd6 32. Bd5 ({Don't play} 32. Bxg7+ Qxg7 33. Rxg7 Kxg7) 32... Bc7 33. Qd1 Bd8 (33... Rff6 $16) 34. Qg1 {[%cal Rg5g7]} Rff6 35. Be5 Qf8 36. Qd1 Qe8 37. Qg1 Qf8 $1 38. Qg2 (38. Bc3 $142) 38... Be7 (38... Rh7 $142) 39. Kd3 (39. Kb1 $16) 39... Bd8 (39... Rh7 $1 $14) 40. Ke2 (40. Qh3 $16) 40... Be7 ({Black should play} 40... d6 $14 41. Bxf6 Qxf6) 41. Kd3 Bd8 $1 42. Kc2 Be7 43. Kd3 {[%cal Bc2d3,Bd3e2,Be2f2,Bf2f3][%mdl 32]} Bd8 $1 44. Qh3 Be7 45. Ke2 Bd8 46. Kf2 Be7 47. Kf3 Bd8 48. Bxf6 Rxf6 49. Rg6 Kh7 50. Qg2 Be7 51. Ke2 Kh8 52. Kd3 Bd8 53. Kc2 Be7 54. Bf3 Bd8 55. Be2 Re6 56. Rxe6 ({Better is} 56. Kd2 $16) 56... dxe6 $11 {The position is equal.} 57. Qg6 Qf6 58. Bf3 Qxg6 59. hxg6 Kg8 60. Kd3 Kf8 {Precision: White = 53%, Black = 61%.} 1/2-1/2

[Event "XLI Barbera del Valles Open 2018"]
[Site "Barbera del Valles"]
[Date "2018.07.11"]
[Round "8"]
[White "Jimenez, Adrian"]
[Black "Manolache, Marius"]
[Result "0-1"]
[WhiteElo "2211"]
[BlackElo "2494"]
[Annotator "ChessBase"]
[PlyCount "98"]
[EventDate "2018.07.04"]
[EventType "swiss"]
[EventCountry "ESP"]
[SourceTitle "playchess.com"]
[Source "ChessBase"]
[SourceQuality "1"]
[TimeControl "5400+30"]

1. d4 {[%emt 0:00:00]} Nf6 {[%emt 0:00:00]} 2. c4 {[%emt 0:00:00]} c5 {[%emt 0:00:00]} 3. d5 {[%emt 0:00:00]} g6 {[%emt 0:00:00]} 4. Nc3 {[%emt 0:00:00]} Bg7 {[%emt 0:00:00]} 5. e4 {[%emt 0:00:00]} d6 {[%emt 0:00:00]} 6. h3 {[%emt 0:00:00]} O-O {[%emt 0:00:05]} 7. Nf3 {[%emt 0:00:02]} e6 {[%emt 0:00:05]} 8. Bd3 {[%emt 0:00:06]} exd5 {[%emt 0:00:43]} 9. cxd5 {[%emt 0:00:06]} a6 {[%emt 0:00:57]} 10. a4 {[%emt 0:00:04]} Nbd7 {[%emt 0:00:47]} 11. O-O {[%emt 0:00:07]} Nh5 {[%emt 0:00:17]} 12. Bg5 {[%emt 0:00:05]} Bf6 {[%emt 0:00:06]} 13. Be3 {[%emt 0:00:04]} Ne5 {[%emt 0:00:39]} 14. Be2 {[%emt 0:00:05]} Nxf3+ {[%emt 0:00:15]} 15. Bxf3 {[%emt 0:00:04]} Ng7 {[%emt 0:00:07]} 16. Qd2 {[%emt 0:00:04]} Be5 {[%emt 0:01:16]} 17. Bf4 {[%emt 0:00:12]} f6 {[%emt 0:02:33]} 18. Be2 {[%emt 0:07:03]} Bd7 {[%emt 0:01:52]} 19. Bxe5 {[%emt 0:07:34]} fxe5 {[%emt 0:00:07]} 20. f4 {[%emt 0:00:04]} Qe7 {[%emt 0:00:09]} 21. Rf2 {[%emt 0:00:55]} exf4 {[%emt 0:09:16]} 22. Rxf4 {[%emt 0:00:30]} g5 {[%emt 0:00:29]} 23. Rxf8+ {[%emt 0:17:25]} Rxf8 {[%emt 0:00:05]} 24. Rf1 {[%emt 0:00:05]} Rxf1+ {[%emt 0:00:08]} 25. Kxf1 {[%emt 0:00:09]} Qe5 {[%emt 0:00:22]} 26. Kg1 {[%emt 0:01:19]} h6 {[%emt 0:10:11]} 27. a5 {[%emt 0:03:34]} Ne8 {[%emt 0:00:44]} 28. Qe3 {[%emt 0:22:13]} Nf6 {[%emt 0:00:07]} 29. Kf2 {[%emt 0:03:27]} Kf7 {[%emt 0:00:12]} 30. Bf1 {[%emt 0:19:55]} Ke7 {[%emt 0:01:47]} 31. g3 {[%emt 0:01:32]} h5 {[%emt 0:02:41]} 32. Bg2 {[%emt 0:00:27]} Kd8 {[%emt 0:04:51]} 33. b3 {[%emt 0:01:26]} Kc7 {[%emt 0:01:26]} 34. Ne2 {[%emt 0:00:55]} Bb5 {[%emt 0:01:35]} 35. Nc3 {[%emt 0:01:33]} Kb8 {[%emt 0:05:07]} 36. b4 {[%emt 0:02:45]} Nd7 {[%emt 0:03:28]} 37. bxc5 {[%emt 0:02:28]} Nxc5 {[%emt 0:00:06]} 38. Kg1 {[%emt 0:00:13]} Bd3 {[%emt 0:00:40]} 39. Qe1 {[%emt 0:01:15]} Qd4+ {[%emt 0:01:18]} 40. Kh2 {[%emt 0:00:26]} g4 {[%emt 0:01:25]} 41. h4 {[%emt 0:00:37]} Nd7 {[%emt 0:07:02]} 42. Nd1 {[%emt 0:03:36]} Ne5 {[%emt 0:00:38]} 43. Qd2 {[%emt 0:00:01]} Qc5 {[%emt 0:03:45]} 44. Nb2 {[%emt 0:02:27]} Bc2 {[%emt 0:01:12]} 45. Qf4 {[%emt 0:02:29]} Ka8 {[%emt 0:03:44]} 46. Qf8+ {[%emt 0:00:50]} Ka7 {[%emt 0:00:04]} 47. Kh1 {[%emt 0:04:01]} Qxa5 {[%emt 0:07:32]} 48. Qxd6 {[%emt 0:00:08]} Nf3 {[%emt 0:00:34]} 49. Bxf3 {[%emt 0:01:35]} gxf3 {[%emt 0:00:05]} 0-1

[Event "XLI Barbera del Valles Open 2018"]
[Site "Barbera del Valles"]
[Date "2018.07.12"]
[Round "9"]
[White "Ortiz Suarez, Isan Reynaldo"]
[Black "Martinez Alcantara, Jose Eduardo"]
[Result "1/2-1/2"]
[WhiteElo "2548"]
[BlackElo "2545"]
[Annotator "RC"]
[PlyCount "28"]
[EventDate "2018.07.04"]
[EventType "swiss"]
[EventCountry "ESP"]
[SourceTitle "playchess.com"]
[Source "ChessBase"]
[SourceQuality "1"]
[TimeControl "5400+30"]

1. d4 {[%emt 0:00:00]} Nf6 {[%emt 0:09:12]} 2. Nf3 {[%emt 0:00:00]} e6 {[%emt 0:00:07]} 3. Bf4 {[%emt 0:00:22]} b6 {[%emt 0:00:11]} 4. e3 {[%emt 0:00:14]} Bb7 {[%emt 0:00:11]} 5. h3 {[%emt 0:00:14]} c5 {[%emt 0:00:26]} 6. c3 {[%emt 0:00:07]} Be7 {[%emt 0:00:19]} 7. Nbd2 {[%emt 0:00:11]} O-O {[%emt 0:00:17]} 8. Bd3 {[%emt 0:00:21]} cxd4 {[%emt 0:00:11]} 9. exd4 {[%emt 0:00:15]} d6 {[%emt 0:00:19]} 10. O-O {[%emt 0:00:19]} Nbd7 {[%emt 0:00:12]} 11. Bh2 {[%emt 0:00:11]} a6 {[%emt 0:00:55]} 12. a4 {[%emt 0:00:16]} Re8 {[%emt 0:00:25]} 13. Re1 {[%emt 0:00:22]} Qc7 {[%emt 0:01:05]} 14. Nc4 {[%emt 0:00:30]} Bf8 1/2-1/2

[Event "XLI Barbera del Valles Open 2018"]
[Site "Barbera del Valles"]
[Date "2018.07.12"]
[Round "9"]
[White "Asis, Tommy"]
[Black "Guseinov, Gadir"]
[Result "0-1"]
[WhiteElo "2538"]
[BlackElo "2654"]
[Annotator "TA"]
[PlyCount "66"]
[EventDate "2018.07.04"]
[EventType "swiss"]
[EventCountry "ESP"]
[SourceTitle "playchess.com"]
[Source "ChessBase"]
[SourceQuality "1"]

{[%evp 24,66,30,23,29,25,37,19,35,32,25,37,21,0,0,0,0,0,0,0,-7,-6,-6,-9,-17,-13,-8,-42,0,-10,94,0,43,0,70,0,38,0,0,-35,-35,-569,-566,-810,-791]} 1. e4 c5 2. Nf3 Nc6 3. d4 cxd4 4. Nxd4 g6 5. Nc3 Bg7 6. Be3 Nf6 7. Bc4 O-O 8. Bb3 d5 9. exd5 {B35: Sicilian: Accelerated Dragon with 5 Nc3: main line} Na5 10. O-O Nxb3 11. Nxb3 b6 12. d6 e6 13. Qf3 {LiveBook: 3 Games} Rb8 {[%cal Ba8b8,Bb8c8,Bc8c5,Bc5c4][%mdl 32]} 14. Rfd1 Bb7 15. Qh3 Nd5 16. Nxd5 Bxd5 17. Bh6 Rc8 18. Bxg7 Kxg7 {[#]} 19. Rac1 $146 Qf6 $1 20. Nd4 Rfd8 21. Qg3 Rc5 {White should prevent ...Bxg2!} 22. b4 Rc4 $1 {[%cal Rc4d4]} 23. c3 $132 {[%mdl 2048] White puts up resistance} h5 24. h4 Rd7 25. Re1 {[%cal Bd1e1,Be1e3,Be3e5,Be5g5][%mdl 32]} a6 {[%mdl 1024] Black has compensation.} 26. Re3 Kf8 {[#]} (26... Qd8 $11 {keeps the balance.}) 27. Rce1 (27. Nf3 $1 $16 {[%cal Rf3e5] Black must now prevent Ne5.} Rf4 28. Ne5 Rxd6 29. c4 (29. Nd3 e5 $11)) 27... Kg7 28. a3 Kg8 (28... Kh7 $11) 29. R1e2 ({Better is} 29. Re5 $1 $14) 29... Qg7 30. Re5 Rxd6 31. Rg5 Rd8 32. Nxe6 $2 {[%mdl 8192] [#]} (32. Rge5 $15) 32... Bxe6 $19 ({But not} 32... fxe6 $2 33. Rxg6 Rg4 34. Rxg7+ $18) 33. Rxe6 fxe6 {Precision: White = 27%, Black = 48%.} 0-1

[Event "XLI Barbera del Valles Open 2018"]
[Site "Barbera del Valles"]
[Date "2018.07.12"]
[Round "9"]
[White "Karthik Venkataraman"]
[Black "Himanshu, Sharma"]
[Result "1-0"]
[WhiteElo "2514"]
[BlackElo "2420"]
[Annotator "TA"]
[PlyCount "139"]
[EventDate "2018.07.04"]
[EventType "swiss"]
[EventCountry "ESP"]
[SourceTitle "playchess.com"]
[Source "ChessBase"]
[SourceQuality "1"]

{[%evp 19,139,0,26,21,36,29,39,34,54,62,61,58,68,41,96,97,147,137,140,145,131,105,114,83,92,16,27,14,0,0,18,20,36,30,66,0,70,79,67,73,135,97,80,91,97,96,85,83,91,79,150,109,109,102,181,95,154,160,214,46,55,34,36,36,73,70,111,98,150,136,145,68,237,179,141,125,242,239,246,247,234,201,209,233,205,171,174,81,153,151,310,310,307,278,252,60,67,60,238,238,238,238,238,238,917,865,1279,1237,2547,1315,7794,4347,29976,29977,29980,29975,29975,29976,29976,29977,29977,29978]} 1. Nf3 d5 2. g3 g6 3. Bg2 Bg7 4. d4 Nf6 5. c4 c6 6. cxd5 cxd5 7. Nc3 O-O 8. Ne5 b6 9. O-O Bb7 10. Qa4 {D79: Fianchetto Grünfeld: Symmetrical Variation (6 0-0 c6 7 cxd5 cxd5)} e6 {LiveBook: 5 Games} (10... a6 11. Bg5 Ne4 12. Be3 Nxc3 13. bxc3 b5 14. Qb3 Nd7 15. a4 Nxe5 16. dxe5 Bxe5 17. axb5 axb5 18. Qxb5 Bxc3 19. Rac1 Ba6 20. Qxd5 Qxd5 21. Bxd5 Rac8 {½-½ (21) Xiong,J (2652)-Vachier Lagrave,M (2795) chess.com INT 2017}) 11. Bg5 h6 12. Bxf6 {White is slightly better.} Qxf6 13. Rac1 $146 ({Predecessor:} 13. e4 dxe4 14. Nxe4 Qe7 15. Rac1 Rd8 16. Qa3 Qxa3 17. bxa3 Bd5 {0-1 (29) Stoer,A (2081)-Baldauf,M (2134) Bayern 2007}) 13... a6 14. Qb4 Qd8 15. Na4 $1 Bxe5 16. dxe5 b5 (16... Nd7 $14) 17. Nc5 $16 Ra7 18. Qd4 {aiming for Nxe6!} Nc6 19. Qe3 Qb6 20. h4 h5 21. Qf4 Ba8 22. g4 (22. e4 $16) 22... hxg4 $11 23. h5 Qb8 24. Nd3 f6 {[%cal Rc6e5]} 25. Qxg4 Nxe5 26. Qxe6+ Kg7 27. Nc5 (27. Rfd1 $14) 27... Re8 (27... f5 $1 $11) 28. Qh3 $36 {[%mdl 2048] Keeping Black busy.} Qd6 29. Rfd1 gxh5 ({Black should try} 29... f5) 30. Qxh5 Rh8 31. Qf5 Ng6 32. Ne6+ (32. Bxd5 $2 Qh2+ 33. Kf1 Qh1+ $1 {[%mdl 512]} 34. Bxh1 Rxh1#) 32... Kf7 33. Ng5+ $1 Kg7 {Strongly threatening ...Qh2+.} 34. Nf3 Rc7 (34... Bc6 $142) 35. Rxc7+ Qxc7 36. Nd4 $1 {[%cal Rd4e6] And now Ne6+ would win.} Qh2+ 37. Kf1 Nh4 (37... Qxg2+ $142 38. Kxg2 Nh4+ 39. Kg3 Nxf5+ 40. Nxf5+ Kf7) 38. Qg4+ $16 Kf7 39. Nf3 $2 (39. Qd7+ $18 Kg6 40. Qg4+ (40. Bxd5 Bxd5 41. Qxd5 Qh3+ 42. Ke1 Qg2 $16) 40... Kf7 41. Qe6+ Kg6 42. Qg4+ (42. Bxd5 Bxd5 43. Qxd5 Qe5 $18) 42... Kf7) 39... Qxg2+ $14 40. Qxg2 Nxg2 41. Kxg2 {[%mdl 4096] Endgame KRB-KRN} Rc8 42. Nd4 b4 43. Kf3 Rc5 (43... Rc4 $142) 44. Rh1 $1 $16 {[%cal Rh1h7] Threatens to win with Rh7+.} Kg6 45. Kf4 (45. Rh8 $16 Bb7 46. Rb8) 45... Bb7 $2 (45... Bc6 $14) 46. Rg1+ $18 Kf7 {[#]} 47. Rg7+ $1 Kxg7 48. Ne6+ Kf7 49. Nxc5 {KB-KN} Bc8 50. Ke3 Ke7 51. Kd4 Kd6 52. Nd3 a5 53. Nf4 (53. Nc5 $18 {is more deadly.}) 53... Bb7 (53... f5 $142) 54. Nh5 $16 Ke6 $2 (54... f5 $16 55. Ng7 Bc8 56. Ne8+ Kd7) 55. Kc5 $18 Ba6 56. Kb6 Bc4 57. b3 $2 (57. Kxa5 $18 Kd6 58. Kxb4 (58. Nxf6 b3 $16)) 57... a4 $1 $14 58. bxa4 {Hoping for a5.} (58. bxc4 b3 $19) 58... Ke5 $2 {[#]} ({Black should play} 58... Kd6 $1 $14) 59. Kc5 $1 $18 Bxe2 60. f4+ Ke6 61. Ng7+ Kf7 $2 (61... Kd7 62. Kxd5 Bg4) 62. Nf5 Bd3 63. Ne3 Ke6 64. Nxd5 Bc2 65. a5 {[%cal Ba4a5,Ba5a6,Ba6a7][%mdl 32]} b3 66. axb3 {White mates.} Bxb3 67. Nb6 Bd1 68. a6 Bf3 69. a7 Bb7 70. Kd4 {Precision: White = 69%, Black = 31%.} 1-0